000 00448nam a22001817a 4500
003 MPLRDC
005 20220104144441.0
008 210129b ||||| |||| 00| 0 eng d
082 _a857.62 TLXS v.20 c.2
100 _a杜文靖
245 _a情茧
_c
250 _a初版
260 _a
_b林白出版社有限公司
_c1986
300 _b
490 _a推理小说系列. 20
650 _a推理小说
942 _cBK
_o857.62 TLXS v.20 c.2
999 _c49730
_d49720